El gerente que sí puede. Cómo hacer que sus empleados corran riesgos, actuen y hagan las cosas bien (Registro nro. 350)

Detalles MARC
000 -ENCABEZADO
Número de control [NR] 00753nam a2200205Ia 4500
008 - DE LONGITUD FIJA DE DATOS DE ELEMENTOS - INFORMACIÓN GENERAL
Elementos de longitud fija [NR] 130821s1990 ck gr spa
020 ## - NUMERO INTERNACIONAL NORMALIZADO PARA LIBROS [R]
Número Internacional Normalizado del libro [NR] 958041209X
040 ## - FUENTE DE CATALOGACION [NR]
Agencia de catalogación original [NR] Co-BoUCM
Idioma de catalogación [NR] spa
041 ## - CODIGO DE IDIOMA [R]
Código de idioma para texto/pista de sonido o título separado [R] Español
100 ## - ASIENTO PRINCIPAL--NOMBRE PERSONAL [NR]
Nombre personal [NR] Kirby, Tess
ID Autoridad 154752
245 #3 - MENCION DE TITULO [NR]
Título [NR] El gerente que sí puede. Cómo hacer que sus empleados corran riesgos, actuen y hagan las cosas bien
Mención de responsabilidad, etc. [NR] Tess Kirby .-- Traducción Margarita Cárdenas
260 ## - PUBLICACION, DISTRIBUCION, ETC. (PIE DE IMPRENTA) [R]
Lugar de publicación, distribución, etc. [R] Bogotá (Colombia)
Nombre del editor, distribuidor, etc. [R] Norma
Fecha de publicación, distribución, etc. [R] 1990
300 ## - DESCRIPCION FISICA [R]
Extensión [R] x, 201 páginas
500 ## - NOTA GENERAL [R]
Nota general [NR] Indices general y an litico
650 04 - ASIENTO SECUNDARIO DE MATERIA - TERMINO TEMATICO [R]
Término temático o nombre geográfico como elemento de entrada [NR] Administración de personal
9 (RLIN) 8562
650 04 - ASIENTO SECUNDARIO DE MATERIA - TERMINO TEMATICO [R]
Término temático o nombre geográfico como elemento de entrada [NR] Directores de compañías
9 (RLIN) 13319
700 ## - ASIENTO SECUNDARIO - NOMBRE PERSONAL [R]
Nombre personal [NR] Cárdenas, Margarita
Término de relación [R]
9 (RLIN) 118460
942 ## - ELEMENTOS DE ENTRADA AGREGADOS (KOHA)
Tipo de ítem principal el descrito en 300a Libro
Tema principal Administración
Edición 1
Parte restante de la signatura top. K47
Sistema de clasificación DEWEY
Clasificación 658.42
Existencias
Fecha de último préstamo Total préstamos Signatura topográfica Código de barras Última vez visto Ejemplar Price effective from Tipo de ítem Perdido Sistema de clasificación Dañado No prestable Tipo de ítem específico Suprimido Ubicación habitual Ubicación actual Localización Fecha de creación Forma de adquisición Costo
16/10/2009 3 658.42 K47 100031141 04/12/2025 Ej.1 03/02/2013 Libro   DEWEY     Libro   Claustro Claustro 4to piso 28/02/2003 Compra 7487.00